Statistics for Southernmost Countries In Order (With Map)

Click here to take the quiz!

General Stats

  • This quiz has been taken 77 times
  • The average score is 9 of 16

Answers on the Map

Answers color-coded by a green-red scale on the quiz's map according to % correct below.
 

Answer Stats

Countries% Correct
Argentina
97%
Chile
93%
New Zealand
92%
Australia
88%
United Kingdom
87%
South Africa
75%
France
58%
Lesotho
57%
Uruguay
57%
Brazil
50%
Namibia
33%
Paraguay
33%
Swaziland
27%
Madagascar
25%
Mozambique
22%
Botswana
18%

Score Distribution

Percentile by Number Answered

Percent of People with Each Score

Your Score History

You have not taken this quiz